|
|
|
|
| LEADER |
00000nam0a2200000 4500 |
| 001 |
231226 |
| 005 |
20231101231050.0 |
| 035 |
|
|
|a (RuTPU)RU\TPU\book\252242
|
| 090 |
|
|
|a 231226
|
| 100 |
|
|
|a 20130130d1927 k y0rusy50 ca
|
| 101 |
0 |
|
|a rus
|
| 102 |
|
|
|a RU
|
| 105 |
|
|
|a a z 001zy
|
| 200 |
1 |
|
|a Месторождения каолина и других малых полезных ископаемых района Балая
|e с 19 фигурами и 2 таблицами
|f И. А. Молчанов, А. А. Усова
|g Геологический комитет, Сибирское отделение (Сибгеолком)
|
| 210 |
|
|
|a Томск
|c Издание Геологического комитета
|d 1927
|
| 215 |
|
|
|a 56 с.
|c ил.
|
| 225 |
1 |
|
|a Известия Сибирского отделения Геологического комитета
|v Т. VI, вып. 3
|
| 316 |
|
|
|5 63413507: 1459
|a На обложке надпись: «А. В. Лаврский»
|
| 317 |
|
|
|5 63413507: КР-736
|a Поступила в НТБ в 2004 г. в составе книжного собрания профессора ТПИ К. В. Радугина
|
| 317 |
|
|
|5 63413507: 1459
|a Поступил в НТБ в 1945 г. в составе книжного собрания профессора ТПИ А. В. Лаврского
|
| 320 |
|
|
|a Библиогр.: с. 45-46
|
| 606 |
1 |
|
|a Каолин
|x Месторождения
|2 stltpush
|3 (RuTPU)RU\TPU\subj\13760
|9 40327
|
| 610 |
1 |
|
|a полезные ископаемые
|
| 610 |
1 |
|
|a Балайский район
|
| 610 |
1 |
|
|a формации
|
| 610 |
1 |
|
|a разведочные работы
|
| 610 |
1 |
|
|a строение
|
| 610 |
1 |
|
|a разведочные работы
|
| 610 |
1 |
|
|a огнеупорные глины
|
| 610 |
1 |
|
|a песок
|
| 610 |
1 |
|
|a гравий
|
| 610 |
1 |
|
|a труды учёных ТПУ
|
| 610 |
1 |
|
|a Библиотека К. В. Радугина
|
| 610 |
1 |
|
|a Библиотека М. А. Усова
|
| 610 |
1 |
|
|a Коллекция А. В. Лаврского
|
| 610 |
1 |
|
|a дары библиотеке
|
| 675 |
|
|
|a 553.612
|v 3
|
| 700 |
|
1 |
|a Молчанов
|b И. А.
|c российский геолог
|c профессор Томского политехнического института
|f 1884-1945
|g Иннокентий Александрович
|2 stltpush
|3 (RuTPU)RU\TPU\pers\11956
|
| 701 |
|
1 |
|a Усова
|b А. А.
|
| 712 |
0 |
1 |
|a СССР
|b Геологический комитет
|b Сибирское отделение (Сибгеолком)
|c (Томск)
|c (1922-1929)
|2 stltpush
|3 (RuTPU)RU\TPU\col\22357
|
| 801 |
|
1 |
|a RU
|b 63413507
|c 20130130
|
| 801 |
|
2 |
|a RU
|b 63413507
|c 20211208
|g RCR
|
| 942 |
|
|
|c BK
|